Princípy budovania informačného systému firmy pri viacerých kritériach efektívnosti

Uložené v:
Podrobná bibliografia
Hlavný autor: Hysko, Miroslav
Médium: Kapitola
Jazyk:Slovak
Tagy: Pridať tag
Žiadne tagy, Buďte prvý, kto otaguje tento záznam!

MARC

LEADER 00000nla$a2200000$$$4500
001 0063488
005 20240502071730.4
041 0 |a slo 
044 |a SK 
245 1 0 |a Princípy budovania informačného systému firmy pri viacerých kritériach efektívnosti  |c Miroslav Hysko 
100 1 |a Hysko, Miroslav